Colores engañosos - Estadísticas

Estadísticas generales
  • Esta prueba ha sido intentada 33 veces
  • La puntuación promedio es 10 de 16
Estadísticas de respuestas
Palabra Color % Correcto
Verde Amarillo
100%
Amarillo Naranja
96%
Azul Verde
96%
Verde Rojo
92%
Rojo Negro
88%
Amarillo Rojo
80%
Naranja Morado
76%
Rojo Verde
68%
Morado Azul
56%
Verde Naranja
52%
Negro Amarillo
44%
Verde Morado
32%
Morado Verde
28%
Azul Negro
24%
Rojo Azul
16%
Amarillo Azul
8%
No se encontraron pruebas coincidentes
Distribución de puntuación
Porcentaje de gente con cada puntuación
Porcentaje por número respondido
Historial de tus puntuaciones
No has intentado esta prueba.